000 01061nam a2200277 a 4500
001 000014894
005 20250407131906.0
008 100127s2005 dr 000 0 spa d
040 _aDO-SdBNP
_bspa
_cBNPHU
082 _a346.0432
_bH668c, 2005
100 1 _aHiraldo, Santiago,
_d1962-
_933729
245 1 0 _aCómo se adquiere el derecho de propiedad de los terrenos del Estado Dominicano /
_cSantiago Hiraldo ; prólogo Ramón Andrés Blanco Fernández.
250 _a2a. ed.
260 _aSanto Domingo :
_bBúho,
_c2005.
300 _a278 p. ;
_c22 cm.
500 _aIncluye datos biográficos del autor en la contracubierta.
504 _aBibliografía: p. 277-278
590 _aInventariado, 2018/LP
650 4 _aDerecho de propiedad
_94070
650 4 _aRegistro de la propiedad
_914525
650 0 _aTierras nacionales
_933730
650 4 _aPropiedad nacional
_933731
650 4 _aTenencia de la tierra
_zRepública Dominicana
_96976
700 1 _aBlanco Fernández, Ramón Andrés,
_epról.
_933732
910 _aValidado. Control de calidad EMS
999 _c14474
_d14474